Historical plant geography : an introduction /

محفوظ في:

المؤلف الرئيسي: Stott, Philip Anthony.

التنسيق: كتاب

اللغة: English

منشور في: London ; Boston : G. Allen & Unwin, 1981.

الموضوعات:

الوسوم: إضافة وسم

لا توجد وسوم, كن أول من يضع وسما على هذه التسجيلة!

رقم الطلب: QK101 .S77

LEADER 00621nam a22002057a 4500
003 OSt
005 20251117103506.0
008 251117t1981 enkab b 001 0 eng d
020 |a 0045800111 (Pbk) 
040 |c ARCE Library 
050 1 4 |a QK101  |b .S77 
100 1 |a Stott, Philip Anthony. 
245 1 0 |a Historical plant geography :  |b an introduction /   |c Philip Stott. 
264 1 |a London ; Boston :  |b G. Allen & Unwin,  |c 1981. 
300 |a xii, 151 p. :  |b ill., maps ;  |c 24 cm. 
504 |a Includes bibliographies and indexes. 
650 0 |a Phytogeography -- Textbooks. 
901 |a reviewed 
942 |2 lcc  |c BK 
999 |c 48687  |d 48687